Normal view
MARC view
- Rosal, Mario G.R.
Entry Personal Name
001 - CONTROL NUMBER
- control field: 22208
003 - CONTROL NUMBER IDENTIFIER
- control field: OSt
005 - DATE AND TIME OF LATEST TRANSACTION
- control field: 20170817103241.0
008 - FIXED-LENGTH DATA ELEMENTS
- fixed length control field: 170817|| aca||aabn | a|a d
040 ## - CATALOGING SOURCE
- Original cataloging agency: OSt
100 ## - HEADING--PERSONAL NAME
- Personal name: Rosal, Mario G.R.
- Relator term: Editor
